Truyện hay quốc tế ( Luyện từ vựng, kĩ năng đàm thoại qua truyện ngắn) = International Stories;T2 :
Salvato in:
| Autore principale: | |
|---|---|
| Natura: | Libro |
| Lingua: | Undetermined |
| Pubblicazione: |
Tp. HCM
Trẻ
1993
|
| Soggetti: | |
| Tags: |
Aggiungi Tag
Nessun Tag, puoi essere il primo ad aggiungerne! !
|
| Thư viện lưu trữ: | Trung tâm Học liệu Trường Đại học Cần Thơ |
|---|
| LEADER | 00606nam a2200181Ia 4500 | ||
|---|---|---|---|
| 001 | CTU_800 | ||
| 008 | 210402s9999 xx 000 0 und d | ||
| 082 | |a 428 | ||
| 082 | |b J35 | ||
| 100 | |a Arlo T Jassen | ||
| 245 | 0 | |a Truyện hay quốc tế ( Luyện từ vựng, kĩ năng đàm thoại qua truyện ngắn) | |
| 245 | 0 | |b = International Stories;T2 : | |
| 245 | 0 | |c Arlo T Jassen; Dịch giả: Đức Tài | |
| 260 | |a Tp. HCM | ||
| 260 | |b Trẻ | ||
| 260 | |c 1993 | ||
| 650 | |a english language - study and teaching | ||
| 980 | |a Trung tâm Học liệu Trường Đại học Cần Thơ | ||